000 00662nam a2200205 4500
001 122185
003 ES-MaACL
005 20250919111024.0
007 t|
008 070214s1974 sp r ||||1| spa d
100 1 _aPoulantzas, Nicos.
_993436
245 1 0 _aSobre el estado capitalista /
_cNicos Poulantzas ; prólogo de Jorge Solé Tura ; versión de María T. Poyrazian, Jorge Solé Tura.
250 _a1ª. ed.
260 _aBarcelona :
_bLaia,
_c1974.
300 _a146 p. ;
_c20 cm.
700 1 _aSolé Tura, Jordi,
_d1930-2009
_9107136
700 1 _aPoyrazian, María T.
_9218877
852 _aES-MaACL
_jA-8930
_bR.98274
999 _c122185
_d122185